000 00626nam a2200277Ia 4500
005 20260324142726.0
008 008 260324s9999 xx 000 0 eng d
020 _a9780203519844
037 _aEBOOK
040 _aCRL
040 _beng
040 _cCRL
041 _2eng
041 _aeng
084 _qCRL
100 _aTheodor Adorno
_91198671
245 4 _aThe Stars Down to Earth
260 _bTaylor and Francis
260 _c1994
365 _a
365 _b220
856 _uhttp://www.taylorfrancis.com/books/9780203519844
942 _cEBOOK
999 _c1817531
_d1817531